000 00705nam a2200241 i 4500
003 DO-SdBNP
005 20260429101529.0
007 ta
008 260429b1987 pr ||||| |||| 00| 0 spa d
040 _aDO-SdBNP
_bspa
_cBNPHU
_erda
041 _aspa
082 4 _axxx
_bB957a
_222
100 _aBurgos, Julia de,
_d1914-1953
_eautor
_4aut.
_914090
245 1 0 _aAntología poética /
_cJulia de Burgos.
264 4 _aSan Juan, Puerto Rico :
_bEditorial Coquí,
_c©1987.
300 _a159 páginas :
_c23 cm.
336 _atexto
_btxt
_2rdacontent
337 _asin mediación
_bn
_2rdamedia
338 _avolumen
_bnc
_2rdacarrier
590 _aInventariado, 2026 /LP
910 _aLP
942 _2ddc
_cLBS1
999 _c60633
_d60633